000 00687nam a2200217Ia 4500
003 GCL
008 140319s9999 xx 000 0 ara d
040 _aGCL /
_cGCL
082 0 4 _a001.6
_bك ت
100 1 _aكوندون , روبرت ج
245 1 0 _aتحليل وتصميم نظم معالجة البيانات /
_cكوندون , روبرت ج
700 1 _aابراهيم عبدالسلام عوض
260 _a[S.N] :
_bمعهد الادارة العامة
300 _a511
490 _a
650 0 4 _aالحاسبات الالكترونية
650 0 4 _aتصميم النظم
650 0 4 _aتحليل النظم
650 0 4 _aهندسة النظم
942 _2ddc
_cBK
999 _c30781
_d30781